000 00192nam a2200085Ia 4500
008 230915s9999 xx 000 0 und d
050 _aTL540 .E S596 1990
245 0 _aGREAT LIVES
942 _cBK
999 _c205300
_d205300